A Bolyai János Matematikai Társulat 22-én, szombaton fél 6 órakor előadóülést tart [rövid hír]
Elmentve itt :
| Dokumentumtípus: | Cikk |
|---|---|
| Megjelent: |
1947-11-20
|
| Sorozat: | Délmagyarország
|
| Kulcsszavak: | Rédei László, Matematika előadás |
| Online Access: | http://dmarchiv.bibl.u-szeged.hu/34554 |
| LEADER | 00490nab a2200145 i 4500 | ||
|---|---|---|---|
| 001 | delm34554 | ||
| 005 | 20180927112904.0 | ||
| 008 | 180927s1947 hu o 0|| hun d | ||
| 040 | |a SZTE Délmagyarország Archívum |b hun | ||
| 041 | |a hun | ||
| 245 | 0 | 2 | |a A Bolyai János Matematikai Társulat 22-én, szombaton fél 6 órakor előadóülést tart |h [elektronikus dokumentum] : |b [rövid hír] |
| 260 | |c 1947-11-20 | ||
| 300 | |a 2 | ||
| 490 | 0 | |a Délmagyarország | |
| 695 | |a Rédei László, Matematika előadás | ||